Organized labor and restructuring: coal mining in the Czech Republic and Romania

Enregistré dans:
Détails bibliographiques
Auteur principal: Brůha, Jan
Autres auteurs: Ionascu, Delia, Jeong, Byeongju
Format: Chapitre de livre
Langue:anglais
Sujets:
Tags: Ajouter un tag
Pas de tags, Soyez le premier à ajouter un tag!

MARC

LEADER 00000naa$a2200000$$$4500
001 0064366
005 20231010111916.7
041 0 |a eng 
044 |a CZ 
245 1 0 |a Organized labor and restructuring: coal mining in the Czech Republic and Romania  |c Jan Bruha, Delia Ionascu, Byeongju Jeong 
610 2 0 |a organizácia práce 
610 2 0 |a práca 
610 2 0 |a reštrukturalizácia 
610 2 0 |a bane uhoľné 
610 2 0 |a regióny 
610 2 0 |a Česko 
610 2 0 |a Rumunsko 
100 1 |a Brůha, Jan 
700 1 |a Ionascu, Delia 
700 1 |a Jeong, Byeongju